Carregando...
Quantum field theory
| Autor principal: | |
|---|---|
| Outros Autores: | |
| Formato: | Printed Book |
| Publicado em: |
New York
Mc Graw-Hill
1985
|
| Assuntos: |
| LEADER | 00522cam a2200181ua 4500 | ||
|---|---|---|---|
| 020 | |a 0-07-066353-X | ||
| 082 | |a 530.143 |b ITZ/Q | ||
| 100 | |a Itzykson,Claude | ||
| 245 | 1 | 0 | |a Quantum field theory |
| 260 | |a New York |b Mc Graw-Hill |c 1985 | ||
| 300 | |a xxii, 705p. | ||
| 500 | |a Includes index. | ||
| 650 | |a Field theory | ||
| 650 | 0 | |a Physics | |
| 700 | 0 | 2 | |a Zuber, Jean-Bernard |
| 942 | |c BK | ||
| 999 | |c 9338 |d 9338 | ||
| 952 | |0 0 |1 0 |4 0 |6 530_143000000000000_ETZI |7 0 |9 9737 |a KUCL |b KUCL |d 2014-05-23 |l 0 |o 530.143 ETZ/I |p 02672 |r 2014-05-23 |y BK | ||